[Event "FIDE World Youth U16 Chess Olympiad SLOVAKIA 2016"]
[Site "Poprad Tatry SLOVAKIA"]
[Date "2016.07.28"]
[Round "8"]
[Board "2"]
[White "Nie, Xinyang"]
[Black "Gavrilescu, David"]
[Result "1/2-1/2"]
[WhiteElo "2314"]
[BlackElo "2274"]
[PlyCount "89"]
[EventDate "2016.07.22"]
[EventType "team"]
[EventRounds "9"]
[EventCountry "SVK"]
[WhiteTeam "China 1"]
[BlackTeam "Romania"]

1. d4 Nf6 2. Nf3 e6 3. Bg5 c5 4. c3 h6 5. Bxf6 Qxf6 6. e4 cxd4 7. cxd4 Bb4+ 8.
Nc3 d6 9. e5 dxe5 10. Nxe5 O-O 11. Bb5 b6 12. O-O Bb7 13. Qe2 Bxc3 14. bxc3 Rc8
15. Rac1 Nc6 16. Bxc6 Bxc6 17. f4 Qf5 18. Rce1 h5 19. c4 Bb7 20. Rc1 Rc7 21.
Rc3 Rd8 22. Qe3 Qe4 23. Qxe4 Bxe4 24. Rd1 f6 25. Nf3 Rcd7 26. f5 Bxf5 27. Kf2
Kf7 28. Ke3 Rc7 29. Rdc1 Ke7 30. h4 Rdc8 31. a4 Kd6 32. g3 Bg6 33. a5 bxa5 34.
c5+ Kd5 35. Ra1 e5 36. dxe5 Rxc5 37. Rd1+ Ke6 38. Rd6+ Ke7 39. Rxc5 Rxc5 40.
Ra6 Be8 41. Rxa7+ Bd7 42. Kd4 Rb5 43. Kc4 Rb4+ 44. Kd5 Rb5+ 45. Kc4 1/2-1/2

[Event "FIDE World Youth U16 Chess Olympiad SLOVAKIA 2016"]
[Site "Poprad Tatry SLOVAKIA"]
[Date "2016.07.28"]
[Round "8"]
[Board "3"]
[White "Banzea, Alexandru-Bogdan"]
[Black "Chen, Qi B"]
[Result "1/2-1/2"]
[WhiteElo "2263"]
[BlackElo "2210"]
[PlyCount "47"]
[EventDate "2016.07.22"]
[EventType "team"]
[EventRounds "9"]
[EventCountry "SVK"]
[WhiteTeam "Romania"]
[BlackTeam "China 1"]

1. e4 c5 2. Nf3 d6 3. d4 cxd4 4. Nxd4 Nf6 5. Nc3 a6 6. h3 e6 7. g4 Nfd7 8. Be3
b5 9. a3 Bb7 10. g5 Be7 11. h4 Nb6 12. Rg1 N8d7 13. h5 g6 14. f4 e5 15. Nf3 Rc8
16. Qd2 Nc4 17. Bxc4 Rxc4 18. O-O-O Qa5 19. fxe5 Rxc3 20. Qxc3 Qxc3 21. bxc3
dxe5 22. Kb2 Bxe4 23. Nd2 Bc6 24. h6 1/2-1/2

[Event "FIDE World Youth U16 Chess Olympiad SLOVAKIA 2016"]
[Site "Poprad Tatry SLOVAKIA"]
[Date "2016.07.28"]
[Round "8"]
[Board "4"]
[White "Wang, Shiwu"]
[Black "Ileana, George"]
[Result "1/2-1/2"]
[WhiteElo "2013"]
[BlackElo "2117"]
[PlyCount "90"]
[EventDate "2016.07.22"]
[EventType "team"]
[EventRounds "9"]
[EventCountry "SVK"]
[WhiteTeam "China 1"]
[BlackTeam "Romania"]

1. Nf3 Nf6 2. c4 e6 3. Nc3 Bb4 4. e3 O-O 5. Be2 d6 6. O-O Bxc3 7. bxc3 c5 8. d3
Nc6 9. e4 Qc7 10. Bg5 Ne8 11. Qd2 f6 12. Be3 b6 13. Rac1 e5 14. Nh4 Ne7 15. f4
Ng6 16. Nxg6 hxg6 17. f5 Kf7 18. fxg6+ Kxg6 19. Rf3 Rh8 20. d4 Be6 21. Rg3+ Kf7
22. d5 Bd7 23. Rf1 Ke7 24. Ra1 Kd8 25. a4 Kc8 26. Bg4 Rh4 27. Qd1 a5 28. Qf3
Kb7 29. Bf2 g5 30. h3 Rd8 31. Be3 Bc8 32. Rb1 Bxg4 33. Rxg4 Rxg4 34. Qxg4 Qd7
35. Qxd7+ Rxd7 36. Rf1 Rh7 37. Rf3 Rh4 38. g4 Rh6 39. Kg2 Kc8 40. Rf1 Nc7 41.
Rb1 Kb7 42. Rh1 Na6 43. Kg3 Nb8 44. h4 Nd7 45. h5 Kc7 1/2-1/2

[Event "FIDE World Youth U16 Chess Olympiad SLOVAKIA 2016"]
[Site "Poprad Tatry SLOVAKIA"]
[Date "2016.07.28"]
[Round "8"]
[Board "1"]
[White "Nikitenko, Mihail"]
[Black "Gorodetzky, David"]
[Result "1-0"]
[WhiteElo "2364"]
[BlackElo "2331"]
[PlyCount "49"]
[EventDate "2016.07.22"]
[EventType "team"]
[EventRounds "9"]
[EventCountry "SVK"]
[WhiteTeam "Belarus"]
[BlackTeam "Israel Rehovot Chess School"]

1. e4 e6 2. d4 d5 3. Nd2 Nf6 4. e5 Nfd7 5. f4 c5 6. c3 Nc6 7. Ndf3 Rb8 8. Bd3
b5 9. Ne2 Qb6 10. g4 cxd4 11. cxd4 Bb4+ 12. Kf1 Be7 13. Kg2 b4 14. Bc2 Ba6 15.
Ng3 Kd8 16. f5 Kc7 17. g5 exf5 18. Nxf5 Nf8 19. Nxg7 Ne6 20. Nxe6+ fxe6 21. Be3
Rbg8 22. h4 Nd8 23. Rh3 Bb5 24. Rc1 Kb8 25. Bxh7 1-0

[Event "FIDE World Youth U16 Chess Olympiad SLOVAKIA 2016"]
[Site "Poprad Tatry SLOVAKIA"]
[Date "2016.07.28"]
[Round "8"]
[Board "2"]
[White "Zlatin, Alexander"]
[Black "Zarubitski, Viachaslau"]
[Result "1/2-1/2"]
[WhiteElo "2146"]
[BlackElo "2289"]
[PlyCount "147"]
[EventDate "2016.07.22"]
[EventType "team"]
[EventRounds "9"]
[EventCountry "SVK"]
[WhiteTeam "Israel Rehovot Chess School"]
[BlackTeam "Belarus"]

1. e4 c5 2. Nf3 Nc6 3. c3 Nf6 4. e5 Nd5 5. d4 cxd4 6. cxd4 d6 7. Bc4 Nb6 8. Bb5
Bd7 9. Nc3 dxe5 10. dxe5 a6 11. Be2 Be6 12. O-O g6 13. Be3 Nc4 14. Qxd8+ Rxd8
15. Bxc4 Bxc4 16. Rfd1 Rxd1+ 17. Rxd1 Bg7 18. Bf4 Be6 19. b3 O-O 20. h3 Rc8 21.
Nd5 Kf8 22. Nb6 Rd8 23. Rxd8+ Nxd8 24. Nd4 Ke8 25. Kf1 Bd7 26. Nxd7 Kxd7 27.
Ke2 Nc6 28. Nxc6 Kxc6 29. Bg5 e6 30. f4 Kd5 31. Kd3 Bf8 32. Bh4 Bh6 33. Ke3 Bf8
34. Kd3 Ba3 35. Bf2 Bc1 36. Be3 Bxe3 37. Kxe3 Kc5 38. a3 Kd5 39. h4 h6 40. Kd3
g5 41. hxg5 hxg5 42. g3 b5 43. Ke3 a5 44. Kd3 a4 45. bxa4 bxa4 46. fxg5 Kxe5
47. Kc4 Ke4 48. Kc5 e5 49. Kd6 Kd4 50. Ke7 e4 51. Kxf7 e3 52. g6 e2 53. g7 e1=Q
54. g8=Q Qf2+ 55. Ke7 Qe3+ 56. Kd7 Qxa3 57. Qg4+ Kc5 58. Qf5+ Kb6 59. Qf6+ Ka7
60. Qd4+ Ka6 61. Qc4+ Ka5 62. Qc7+ Kb5 63. Qc6+ Kb4 64. Qd6+ Kb3 65. Qd3+ Kb2
66. Qxa3+ Kxa3 67. g4 Kb4 68. g5 a3 69. g6 a2 70. g7 a1=Q 71. g8=Q Qa7+ 72. Ke8
Qb8+ 73. Kf7 Qxg8+ 74. Kxg8 1/2-1/2

[Event "FIDE World Youth U16 Chess Olympiad SLOVAKIA 2016"]
[Site "Poprad Tatry SLOVAKIA"]
[Date "2016.07.28"]
[Round "8"]
[Board "3"]
[White "Ivannikau, Maksim"]
[Black "Parkhov, Yair"]
[Result "1-0"]
[WhiteElo "2168"]
[BlackElo "2162"]
[PlyCount "51"]
[EventDate "2016.07.22"]
[EventType "team"]
[EventRounds "9"]
[EventCountry "SVK"]
[WhiteTeam "Belarus"]
[BlackTeam "Israel Rehovot Chess School"]

1. Nf3 e6 2. g3 Nf6 3. Bg2 d5 4. O-O b5 5. d3 Bb7 6. Nbd2 Nbd7 7. e4 Nb6 8. Re1
Be7 9. e5 Nfd7 10. Nf1 c5 11. h4 h6 12. c3 a5 13. Bd2 Qc7 14. b3 c4 15. Nd4 Ba6
16. a4 cxb3 17. axb5 Bb7 18. Nxb3 a4 19. Nd4 O-O 20. Qh5 Rfd8 21. Bh3 Nc5 22.
Nh2 Bf8 23. Ng4 Kh8 24. Nf6 Nb3 25. Bxh6 gxh6 26. Nf5 1-0

[Event "FIDE World Youth U16 Chess Olympiad SLOVAKIA 2016"]
[Site "Poprad Tatry SLOVAKIA"]
[Date "2016.07.28"]
[Round "8"]
[Board "4"]
[White "Gorodetzky, Matan"]
[Black "Badelka, Olga"]
[Result "0-1"]
[WhiteElo "2127"]
[BlackElo "2175"]
[PlyCount "82"]
[EventDate "2016.07.22"]
[EventType "team"]
[EventRounds "9"]
[EventCountry "SVK"]
[WhiteTeam "Israel Rehovot Chess School"]
[BlackTeam "Belarus"]

1. e4 c5 2. c3 Nf6 3. e5 Nd5 4. d4 cxd4 5. cxd4 e6 6. Nf3 d6 7. Bc4 Be7 8. O-O
O-O 9. Qe2 Nc6 10. Bd2 Bd7 11. Rd1 Nb6 12. Bb3 d5 13. Nc3 Na5 14. Bc2 Nac4 15.
Qd3 g6 16. Bc1 Rc8 17. Ne1 Na8 18. f4 Nc7 19. a3 Nb5 20. Ne2 f6 21. Qg3 f5 22.
a4 Nc7 23. b3 Na5 24. Bb2 Na6 25. Rac1 b5 26. axb5 Bxb5 27. Nc3 Bd7 28. Ra1 Nb4
29. Bb1 Nxb3 30. Rxa7 Nxd4 31. Kh1 Ndc6 32. Ra1 Na5 33. Nd3 Nc4 34. Bc1 Qb6 35.
Ne2 Ra8 36. Rxa8 Rxa8 37. Nxb4 Qxb4 38. Bd3 Nb2 39. Bxb2 Qxb2 40. Qe1 Qa3 41.
h3 Ba4 0-1

[Event "FIDE World Youth U16 Chess Olympiad SLOVAKIA 2016"]
[Site "Poprad Tatry SLOVAKIA"]
[Date "2016.07.28"]
[Round "8"]
[Board "1"]
[White "Vogel, Roven"]
[Black "Roshka, Yevgeniy"]
[Result "1-0"]
[WhiteElo "2425"]
[BlackElo "2271"]
[PlyCount "123"]
[EventDate "2016.07.22"]
[EventType "team"]
[EventRounds "9"]
[EventCountry "SVK"]
[WhiteTeam "Germany 1"]
[BlackTeam "Ukraine"]

1. Nf3 Nf6 2. c4 c6 3. d4 d5 4. Nc3 e6 5. g3 Nbd7 6. Bg2 Bb4 7. Qb3 Qe7 8. Bf4
c5 9. O-O cxd4 10. Nxd4 dxc4 11. Qc2 O-O 12. Rfd1 Nb6 13. Ndb5 Bd7 14. Bd6 Bxd6
15. Nxd6 Bc6 16. Bxc6 bxc6 17. Na4 Nfd5 18. Nxc4 Qb4 19. Naxb6 axb6 20. a3 Qc5
21. Rac1 Rfd8 22. Qd2 Qf8 23. e4 Ne7 24. Qe3 b5 25. Ne5 Qe8 26. Qb6 Kf8 27. Kg2
f6 28. Nd3 Rab8 29. Qe3 Kf7 30. Rd2 Rd7 31. Rdc2 Rbd8 32. Nc5 Rd1 33. Nxe6 R8d3
34. Qe2 Rxc1 35. Rxc1 Rd6 36. Nc5 Ng6 37. b3 Qe5 38. h4 Qd4 39. a4 Qb4 40. Rc2
Kg8 41. Qg4 Ne7 42. Qf4 Rd1 43. Qe3 bxa4 44. bxa4 Ra1 45. Rc1 Rxc1 46. Qxc1 Nc8
47. Qc2 Nb6 48. h5 h6 49. Kh3 Kh8 50. f3 Qd4 51. a5 Nc8 52. a6 Na7 53. Kg2 Nb5
54. Ne6 Qd6 55. Nf4 c5 56. Qa4 Qd2+ 57. Kh3 Qd7+ 58. Kh4 f5 59. a7 Qxa7 60.
Qxb5 fxe4 61. Qe8+ Kh7 62. Ng6 1-0

[Event "FIDE World Youth U16 Chess Olympiad SLOVAKIA 2016"]
[Site "Poprad Tatry SLOVAKIA"]
[Date "2016.07.28"]
[Round "8"]
[Board "2"]
[White "Yurovskich, Oleksandr"]
[Black "Schroeder, Kevin"]
[Result "1/2-1/2"]
[WhiteElo "2167"]
[BlackElo "2350"]
[PlyCount "128"]
[EventDate "2016.07.22"]
[EventType "team"]
[EventRounds "9"]
[EventCountry "SVK"]
[WhiteTeam "Ukraine"]
[BlackTeam "Germany 1"]

1. d4 d5 2. Bf4 Nf6 3. e3 g6 4. Nf3 Bg7 5. Be2 O-O 6. O-O Nbd7 7. h3 a6 8. Nbd2
b5 9. a4 b4 10. a5 Bb7 11. c3 bxc3 12. bxc3 Ne4 13. Nxe4 dxe4 14. Ne5 Nxe5 15.
Bxe5 Bxe5 16. dxe5 e6 17. Qd4 Qd5 18. c4 Qxd4 19. exd4 Rfd8 20. Rfd1 Rd7 21.
Rab1 Bc6 22. Rb4 Kg7 23. Kf1 h5 24. h4 Rdd8 25. c5 Kh6 26. Ke1 g5 27. hxg5+
Kxg5 28. g3 Rh8 29. Kd2 Bd5 30. Ke3 Rab8 31. Rdb1 Rxb4 32. Rxb4 h4 33. gxh4+
Rxh4 34. Rb8 Rh3+ 35. f3 Kg6 36. Rg8+ Kh7 37. Rc8 c6 38. Ra8 exf3 39. Bxa6 Kg7
40. Bf1 Rh1 41. Kf2 Rh2+ 42. Ke3 Ra2 43. a6 Ra1 44. Rb8 Rxf1 45. a7 Re1+ 46.
Kd2 Re2+ 47. Kd1 Bb3+ 48. Rxb3 Ra2 49. Rxf3 Rxa7 50. Kc2 Ra2+ 51. Kb3 Rg2 52.
Kb4 Rb2+ 53. Kc3 Ra2 54. Rf1 Kf8 55. Rb1 Ra3+ 56. Kc4 Ra4+ 57. Rb4 Ra7 58. Rb6
Rc7 59. Kb4 Ke7 60. Ka5 Kd7 61. Ka6 Kc8 62. Ka5 Ra7+ 63. Ra6 Kb7 64. Rxa7+ Kxa7
 1/2-1/2

[Event "FIDE World Youth U16 Chess Olympiad SLOVAKIA 2016"]
[Site "Poprad Tatry SLOVAKIA"]
[Date "2016.07.28"]
[Round "8"]
[Board "3"]
[White "Buckels, Valentin"]
[Black "Levitskiy, Andrey"]
[Result "1/2-1/2"]
[WhiteElo "2332"]
[BlackElo "2074"]
[PlyCount "99"]
[EventDate "2016.07.22"]
[EventType "team"]
[EventRounds "9"]
[EventCountry "SVK"]
[WhiteTeam "Germany 1"]
[BlackTeam "Ukraine"]

1. d4 Nf6 2. c4 e6 3. Nc3 Bb4 4. e3 b6 5. Nge2 Ba6 6. a3 Bxc3+ 7. Nxc3 d5 8.
Qa4+ Qd7 9. Qxd7+ Kxd7 10. b3 dxc4 11. bxc4 Nc6 12. Rb1 Na5 13. Rb4 Rhc8 14.
Bd2 c5 15. dxc5 Rxc5 16. Na4 Rc6 17. c5 Bxf1 18. Rxf1 Nd5 19. Rg4 g6 20. Rh4 h5
21. Ke2 Nb3 22. e4 Ne7 23. Be3 bxc5 24. Rd1+ Nd4+ 25. Bxd4 cxd4 26. Rxd4+ Kc7
27. Rh3 Rd8 28. Rxd8 Kxd8 29. Rd3+ Kc7 30. Nc3 Rc5 31. Ke3 Nc6 32. f4 f6 33. g3
a6 34. h3 Ne7 35. Ne2 e5 36. Nc3 Rc6 37. Na2 Rd6 38. Rc3+ Rc6 39. Rb3 Rb6 40.
Nb4 a5 41. Rc3+ Kd6 42. fxe5+ fxe5 43. Rd3+ Ke6 44. Nd5 Nxd5+ 45. Rxd5 Rb3+ 46.
Rd3 Rb1 47. h4 Rb2 48. Rc3 Kd6 49. Rd3+ Ke6 50. Rc3 1/2-1/2

[Event "FIDE World Youth U16 Chess Olympiad SLOVAKIA 2016"]
[Site "Poprad Tatry SLOVAKIA"]
[Date "2016.07.28"]
[Round "8"]
[Board "4"]
[White "Krasnokutskaya, Sofiya"]
[Black "Sieber, Fiona"]
[Result "1/2-1/2"]
[WhiteElo "2138"]
[BlackElo "2177"]
[PlyCount "73"]
[EventDate "2016.07.22"]
[EventType "team"]
[EventRounds "9"]
[EventCountry "SVK"]
[WhiteTeam "Ukraine"]
[BlackTeam "Germany 1"]

1. e4 c5 2. Nf3 d6 3. d4 cxd4 4. Nxd4 Nf6 5. Nc3 Bd7 6. Bg5 e6 7. Qd2 h6 8.
Bxf6 Qxf6 9. Ndb5 Bxb5 10. Bxb5+ Nc6 11. O-O a6 12. Be2 Be7 13. Rad1 Qg5 14. f4
Qc5+ 15. Kh1 O-O 16. Bf3 Rfd8 17. Ne2 Rac8 18. c3 Qb6 19. Nd4 Nxd4 20. cxd4 d5
21. e5 Rc4 22. Be2 Bb4 23. Qe3 Rc2 24. f5 exf5 25. Bd3 Rxb2 26. Bxf5 Qb5 27. e6
Qe2 28. exf7+ Kf8 29. Qg3 Bd6 30. Qg6 Be7 31. Bh3 Qc2 32. Bf5 Qe2 33. Rde1 Qd2
34. Bh3 Qc2 35. Bf5 Qd2 36. Rd1 Qe2 37. Rde1 1/2-1/2

[Event "FIDE World Youth U16 Chess Olympiad SLOVAKIA 2016"]
[Site "Poprad Tatry SLOVAKIA"]
[Date "2016.07.28"]
[Round "8"]
[Board "1"]
[White "Tsolakidou, Stavroula"]
[Black "Riess, Alexander"]
[Result "1-0"]
[WhiteElo "2364"]
[BlackElo "2208"]
[PlyCount "79"]
[EventDate "2016.07.22"]
[EventType "team"]
[EventRounds "9"]
[EventCountry "SVK"]
[WhiteTeam "Greece"]
[BlackTeam "Germany 2"]

1. d4 Nf6 2. c4 g6 3. Nf3 Bg7 4. e3 O-O 5. Be2 d6 6. O-O Nbd7 7. Nc3 e5 8. Qc2
Qe7 9. Rd1 Re8 10. b3 e4 11. Nd2 Nf8 12. a4 h5 13. Ba3 c6 14. a5 N8h7 15. Rac1
h4 16. h3 Ng5 17. Bf1 Bf5 18. Qa2 Qd7 19. Kh2 Nfh7 20. Ne2 Ne6 21. b4 Nc7 22.
Nc3 a6 23. Na4 Rad8 24. Nb6 Qe7 25. d5 Be5+ 26. Kh1 Qf6 27. Nb3 Ng5 28. Nd4
Bxd4 29. Rxd4 Bxh3 30. gxh3 Nf3 31. Bg2 Nxd4 32. Qa1 cxd5 33. Bb2 Qxf2 34. Bxd4
Ne6 35. Rf1 Qg3 36. Nxd5 Ng5 37. Bh8 Ne6 38. Nf6+ Kxh8 39. Nxe8+ Qe5 40. Nf6
 1-0

[Event "FIDE World Youth U16 Chess Olympiad SLOVAKIA 2016"]
[Site "Poprad Tatry SLOVAKIA"]
[Date "2016.07.28"]
[Round "8"]
[Board "2"]
[White "Engel, Luis"]
[Black "Giannoulakis, Lampros"]
[Result "1/2-1/2"]
[WhiteElo "2276"]
[BlackElo "2214"]
[PlyCount "136"]
[EventDate "2016.07.22"]
[EventType "team"]
[EventRounds "9"]
[EventCountry "SVK"]
[WhiteTeam "Germany 2"]
[BlackTeam "Greece"]

1. e4 c5 2. Nf3 d6 3. Bb5+ Bd7 4. Bxd7+ Qxd7 5. c4 Nf6 6. Nc3 g6 7. d4 cxd4 8.
Nxd4 Bg7 9. f3 O-O 10. Be3 Nc6 11. O-O a6 12. a4 e6 13. Qd2 Na5 14. Qe2 Rac8
15. b3 e5 16. Nc2 Nxb3 17. Rab1 Na5 18. Na3 Qe6 19. Rb4 Nd7 20. Rd1 Bf6 21. Nd5
Rc6 22. Rbb1 Rfc8 23. Rdc1 Nc5 24. Qc2 Bd8 25. Bd2 Nd7 26. Bxa5 Bxa5 27. Rxb7
Bd8 28. Rcb1 Ra8 29. R1b4 Rcc8 30. Qb1 Nc5 31. Rb8 Raxb8 32. Rxb8 Kg7 33. Rxc8
Qxc8 34. Qb4 Qb7 35. Qxb7 Nxb7 36. Nc2 Nc5 37. Ncb4 f5 38. Nc6 Bg5 39. exf5
gxf5 40. a5 Kf7 41. Kf1 Ke6 42. Ke2 Kd7 43. Nb8+ Kc8 44. Nc6 Kd7 45. Nb8+ Kc8
46. Nc6 Kb7 47. Nce7 f4 48. h4 Bxh4 49. Nf5 Bd8 50. Nxd6+ Kc6 51. Nf7 Bxa5 52.
Nxe5+ Kd6 53. Nf7+ Ke6 54. Ng5+ Kf5 55. Nh3 Ne6 56. Kd3 Be1 57. Nb6 Ke5 58. Na4
a5 59. Ng1 Bf2 60. Ne2 Ba7 61. Kc3 Ng7 62. c5 Nf5 63. Kc4 Ne3+ 64. Kb5 Bxc5 65.
Nxc5 Nxg2 66. Nd3+ Kf5 67. Kxa5 h5 68. Kb4 Nh4 1/2-1/2

[Event "FIDE World Youth U16 Chess Olympiad SLOVAKIA 2016"]
[Site "Poprad Tatry SLOVAKIA"]
[Date "2016.07.28"]
[Round "8"]
[Board "3"]
[White "Alexiadis, Hristos"]
[Black "Kopylov, Daniel"]
[Result "1-0"]
[WhiteElo "2254"]
[BlackElo "2034"]
[PlyCount "85"]
[EventDate "2016.07.22"]
[EventType "team"]
[EventRounds "9"]
[EventCountry "SVK"]
[WhiteTeam "Greece"]
[BlackTeam "Germany 2"]

1. d4 d5 2. c4 e6 3. Nf3 c6 4. Nbd2 Nf6 5. g3 Nbd7 6. Bg2 Be7 7. O-O O-O 8. Qc2
b6 9. e4 dxe4 10. Nxe4 Bb7 11. Rd1 Qc8 12. Nxf6+ Nxf6 13. c5 h6 14. b3 Nd5 15.
Ne5 Bf6 16. Ng4 Be7 17. Bb2 Rd8 18. Re1 Nb4 19. Qc3 Nd5 20. Qf3 bxc5 21. dxc5
Bxc5 22. Nxh6+ gxh6 23. Qg4+ Kf8 24. Qg7+ Ke8 25. Bf3 Bf8 26. Qh7 Qd7 27. Bg4
Qe7 28. Ba3 Qg5 29. Bxe6 fxe6 30. Rxe6+ Ne7 31. Bxe7 Bxe7 32. Rae1 Rd7 33. h4
Qg4 34. R6e4 Qxe4 35. Qg8+ Bf8 36. Rxe4+ Kd8 37. Qxf8+ Kc7 38. Qf4+ Kb6 39.
Rb4+ Kc5 40. Qc4+ Kd6 41. Qd4+ Ke6 42. Qg4+ Ke7 43. Rxb7 1-0

[Event "FIDE World Youth U16 Chess Olympiad SLOVAKIA 2016"]
[Site "Poprad Tatry SLOVAKIA"]
[Date "2016.07.28"]
[Round "8"]
[Board "4"]
[White "Pajeken, Jakob Leon"]
[Black "Drakoulakos, Grigorios"]
[Result "0-1"]
[WhiteElo "2051"]
[BlackElo "2270"]
[PlyCount "66"]
[EventDate "2016.07.22"]
[EventType "team"]
[EventRounds "9"]
[EventCountry "SVK"]
[WhiteTeam "Germany 2"]
[BlackTeam "Greece"]

1. e4 c5 2. Nf3 d6 3. d4 cxd4 4. Nxd4 Nf6 5. Nc3 a6 6. h3 e5 7. Nde2 h5 8. Bg5
Be7 9. Ng3 g6 10. Qd2 Be6 11. O-O-O Nbd7 12. f4 exf4 13. Bxf4 Ne5 14. Nd5 Bxd5
15. exd5 h4 16. Ne2 Nh5 17. Bxe5 dxe5 18. Qc3 O-O 19. g4 hxg3 20. Nxg3 Rc8 21.
Qb3 Nxg3 22. Qxg3 e4 23. Kb1 Bf6 24. Bg2 Qa5 25. Rhe1 Bxb2 26. Qb3 Bg7 27. Rxe4
Qd8 28. Rc4 Qd6 29. Re1 Qf6 30. c3 Qf2 31. Rd1 Qxg2 32. Rxc8 Rxc8 33. Qxb7 Qe4+
 0-1

[Event "FIDE World Youth U16 Chess Olympiad SLOVAKIA 2016"]
[Site "Poprad Tatry SLOVAKIA"]
[Date "2016.07.28"]
[Round "8"]
[Board "1"]
[White "Walter, Szymon"]
[Black "Macovei, Andrei"]
[Result "1-0"]
[WhiteElo "2206"]
[BlackElo "2396"]
[PlyCount "125"]
[EventDate "2016.07.22"]
[EventType "team"]
[EventRounds "9"]
[EventCountry "SVK"]
[WhiteTeam "Poland 1"]
[BlackTeam "Moldova"]

1. e4 c5 2. Nc3 Nc6 3. f4 e6 4. Nf3 Nge7 5. Bb5 a6 6. Bxc6 Nxc6 7. d3 Be7 8.
O-O O-O 9. Ne2 d5 10. Ng3 f5 11. Qe2 Bd6 12. Bd2 Re8 13. Rae1 Bd7 14. Qf2 Rc8
15. Kh1 d4 16. Re2 Rf8 17. Rfe1 h6 18. h3 b6 19. b3 Rf7 20. exf5 exf5 21. Nh5
Kh7 22. Qg3 Ne7 23. Ne5 Bxe5 24. fxe5 Be6 25. Nf4 Qd7 26. h4 Rg8 27. Kg1 a5 28.
h5 Re8 29. Qh4 Nd5 30. Rf2 a4 31. Rf3 Nxf4 32. Bxf4 Bd5 33. Rf2 axb3 34. axb3
Qe6 35. Bd2 Ra8 36. b4 Ra2 37. bxc5 bxc5 38. Bf4 Rb7 39. Qd8 Ra6 40. Qh4 Rb2
41. Qd8 Rbb6 42. Qh4 Ra8 43. Rd2 Rb2 44. Rf2 Raa2 45. Rc1 Ra8 46. Rd2 Kg8 47.
Rf2 Kh7 48. Rd2 Rb6 49. Rf2 Rb7 50. Re1 Rg8 51. Bd2 Rb2 52. Bf4 Rc8 53. Kh2 Ra2
54. Kg1 c4 55. Bg3 cxd3 56. cxd3 Rcc2 57. Qxd4 Qc6 58. e6 Bxe6 59. Qe5 Rxf2 60.
Bxf2 Qc2 61. Qg3 Bf7 62. Bd4 g6 63. hxg6+ 1-0

[Event "FIDE World Youth U16 Chess Olympiad SLOVAKIA 2016"]
[Site "Poprad Tatry SLOVAKIA"]
[Date "2016.07.28"]
[Round "8"]
[Board "2"]
[White "Schitco, Ivan"]
[Black "Garbowski, Jakub"]
[Result "1/2-1/2"]
[WhiteElo "2148"]
[BlackElo "2102"]
[PlyCount "90"]
[EventDate "2016.07.22"]
[EventType "team"]
[EventRounds "9"]
[EventCountry "SVK"]
[WhiteTeam "Moldova"]
[BlackTeam "Poland 1"]

1. d4 Nf6 2. c4 g6 3. Nc3 d5 4. cxd5 Nxd5 5. Na4 Bg7 6. e4 Nf6 7. Nc3 O-O 8.
Nf3 Bg4 9. Be2 c5 10. dxc5 Qa5 11. O-O Qxc5 12. Be3 Qa5 13. Qb3 Nbd7 14. Qxb7
Rfb8 15. Qc6 Bxf3 16. gxf3 Qh5 17. Bf4 Ne5 18. Qc7 Nfd7 19. Bg3 Rc8 20. Qb7
Rcb8 21. Qd5 Nb6 22. Qd1 Rd8 23. Qc1 Nec4 24. Na4 Nxa4 25. Qxc4 Nxb2 26. Qb3
Qa5 27. a4 Qd2 28. Ba6 e5 29. Ra2 Rab8 30. Bb5 a6 31. Rxb2 Qd4 32. Rfb1 axb5
33. axb5 Rdc8 34. Rd1 Rxb5 35. Rxd4 Rxb3 36. Rxb3 exd4 37. Rb8 Rxb8 38. Bxb8 d3
39. Kf1 Bc3 40. f4 Kf8 41. f3 Ke7 42. Ba7 Kd7 43. Kf2 Bd2 44. Be3 Bb4 45. Ba7
Bd2 1/2-1/2

[Event "FIDE World Youth U16 Chess Olympiad SLOVAKIA 2016"]
[Site "Poprad Tatry SLOVAKIA"]
[Date "2016.07.28"]
[Round "8"]
[Board "3"]
[White "Antolak, Julia"]
[Black "Martinovici, Ilie"]
[Result "1/2-1/2"]
[WhiteElo "2059"]
[BlackElo "2097"]
[PlyCount "114"]
[EventDate "2016.07.22"]
[EventType "team"]
[EventRounds "9"]
[EventCountry "SVK"]
[WhiteTeam "Poland 1"]
[BlackTeam "Moldova"]

1. e4 e5 2. Nf3 Nc6 3. Bc4 Bc5 4. d3 Nf6 5. Nc3 a6 6. Bg5 h6 7. Bxf6 Qxf6 8.
Nd5 Qd8 9. c3 d6 10. d4 exd4 11. cxd4 Ba7 12. h3 O-O 13. O-O Re8 14. Nc3 Qf6
15. Nd5 Qd8 16. Nc3 Bd7 17. Re1 b5 18. Bb3 Na5 19. Bc2 c5 20. Qd3 c4 21. Qd2
Nc6 22. Rad1 Ne7 23. Ne2 Bb6 24. Qf4 Ba5 25. Rf1 Bc7 26. e5 Be6 27. Ng3 Qd7 28.
Qe4 g6 29. Qh4 Bf5 30. e6 fxe6 31. Bxf5 Nxf5 32. Nxf5 exf5 33. Qxh6 Qg7 34. Qd2
d5 35. Rfe1 Re4 36. Rxe4 dxe4 37. d5 Bd6 38. Nd4 Qe5 39. Qg5 Kf7 40. Ne6 Qf6
41. Qe3 Re8 42. Qa7+ Re7 43. Qxa6 Qe5 44. Qxb5 e3 45. f4 e2 46. Re1 Qe3+ 47.
Kh1 Qf2 48. Qa5 g5 49. Nxg5+ Kg6 50. Nf3 Bxf4 51. Qa6+ Kg7 52. Qxc4 Qe3 53.
Qd4+ Qxd4 54. Nxd4 Re4 55. Rxe2 Rxd4 56. g4 fxg4 57. hxg4 Rxd5 1/2-1/2

[Event "FIDE World Youth U16 Chess Olympiad SLOVAKIA 2016"]
[Site "Poprad Tatry SLOVAKIA"]
[Date "2016.07.28"]
[Round "8"]
[Board "4"]
[White "Verbin, Valentina"]
[Black "Szmer, Aleksander"]
[Result "1-0"]
[WhiteElo "1884"]
[BlackElo "1808"]
[PlyCount "115"]
[EventDate "2016.07.22"]
[EventType "team"]
[EventRounds "9"]
[EventCountry "SVK"]
[WhiteTeam "Moldova"]
[BlackTeam "Poland 1"]

1. e4 e6 2. d4 b6 3. Nf3 Bb7 4. Bd3 Nf6 5. Qe2 d5 6. Nbd2 c5 7. e5 Nfd7 8. c3
Nc6 9. a3 Be7 10. b4 Rc8 11. O-O h6 12. Re1 a5 13. bxc5 bxc5 14. Nf1 Nb6 15.
Rb1 Qc7 16. Qb2 Na4 17. Qxb7 Nxc3 18. Rb3 cxd4 19. Ba6 O-O 20. Bb2 a4 21. Qxc7
Rxc7 22. Rb7 Rxb7 23. Bxb7 Na5 24. Nxd4 Ne4 25. Bc6 Nc4 26. Ba1 Bxa3 27. Bxa4
Nxe5 28. Bc2 Bb4 29. Re2 Ra8 30. Nb3 Nd7 31. Bxe4 dxe4 32. Rxe4 Be7 33. g3 Ra3
34. Re3 Nb6 35. Bd4 Nd5 36. Rf3 Nb4 37. Kg2 Nc2 38. Rc3 Ne1+ 39. Kh3 Bb4 40.
Rc8+ Kh7 41. Nc5 Nf3 42. Bb2 Ra5 43. Nd3 Bd6 44. Rd8 Ra6 45. Kg2 Ng5 46. Ne3
Ne4 47. Nc4 f6 48. f3 Be7 49. Rd7 Nc5 50. Nxc5 Bxc5 51. Bxf6 Ra7 52. Rxa7 Bxa7
53. Be5 Kg6 54. Nd6 Bc5 55. f4 h5 56. Kf3 Bb4 57. Ne4 Be7 58. h4 1-0

[Event "FIDE World Youth U16 Chess Olympiad SLOVAKIA 2016"]
[Site "Poprad Tatry SLOVAKIA"]
[Date "2016.07.28"]
[Round "8"]
[Board "1"]
[White "Bashirli, Nail"]
[Black "Kilic, Efe Mert"]
[Result "1-0"]
[WhiteElo "2414"]
[BlackElo "2131"]
[PlyCount "147"]
[EventDate "2016.07.22"]
[EventType "team"]
[EventRounds "9"]
[EventCountry "SVK"]
[WhiteTeam "Azerbaijan"]
[BlackTeam "Turkey"]

1. e4 c6 2. d4 d5 3. Nc3 dxe4 4. Nxe4 Bf5 5. Ng3 Bg6 6. h4 h6 7. Nf3 Nd7 8. h5
Bh7 9. Bd3 Bxd3 10. Qxd3 Ngf6 11. Bf4 e6 12. O-O-O Be7 13. Kb1 O-O 14. Ne4 Nxe4
15. Qxe4 Nf6 16. Qe2 Qd5 17. Ne5 Qe4 18. Qxe4 Nxe4 19. Rhe1 Nf6 20. g4 Rac8 21.
c4 Rfd8 22. f3 b5 23. b3 a5 24. Kc2 Nd7 25. Bd2 Nxe5 26. dxe5 bxc4 27. bxc4 Rd4
28. Re4 Rxe4 29. fxe4 Bc5 30. Bc3 a4 31. Rd7 Kf8 32. Rb7 Ke8 33. Ba5 Ra8 34.
Bc3 Rc8 35. Bb4 Bxb4 36. Rxb4 Ra8 37. Kc3 Ra5 38. Rb8+ Ke7 39. Rb7+ Kf8 40. Kd4
f6 41. Rb8+ Kf7 42. Rb7+ Kf8 43. exf6 gxf6 44. c5 a3 45. Rb6 Ra4+ 46. Kd3 f5
47. gxf5 exf5 48. exf5 Rh4 49. Rxc6 Rxh5 50. Kc4 Rxf5 51. Rxh6 Rf2 52. Kb3 Ke8
53. Rd6 Ke7 54. Rd3 Rb2+ 55. Kxa3 Rc2 56. Kb4 Rxa2 57. c6 Rb2+ 58. Kc5 Rb1 59.
Rd4 Rb2 60. Rd7+ Ke8 61. Kd6 Rd2+ 62. Kc7 Rb2 63. Rd8+ Ke7 64. Rd7+ Ke8 65. Rd5
Re2 66. Kc8 Ke7 67. c7 Rb2 68. Rd7+ Ke8 69. Rd4 Ra2 70. Re4+ Kf7 71. Kb7 Rb2+
72. Kc6 Rc2+ 73. Kd6 Kf8 74. Re5 1-0